skbl

Dr Suryya Kumar Bhuyan Library Web-OPAC
ডঃ সূৰ্য্য
কুমাৰ ভূঞা পুথিভঁৰাল ৱেব-অ'পেক

All Research Scholars are advised to clear the annual library fees to continue using Library Resources, Remote Access, Plagiarism Test and Library Clearance.

Cotton University Book Fair 2026

The Mirror of Composition / (Record no. 9742)

MARC details
000 -LEADER
fixed length control field 00906nam a2200325Ia 4500
001 - CONTROL NUMBER
control field 9755
005 - DATE AND TIME OF LATEST TRANSACTION
control field 20240113234228.0
007 - PHYSICAL DESCRIPTION FIXED FIELD--GENERAL INFORMATION
fixed length control field ta
008 - FIXED-LENGTH DATA ELEMENTS--GENERAL INFORMATION
fixed length control field 050728s1956 a g b000 u eng u
040 ## - CATALOGING SOURCE
Original cataloging agency Cotton College Assam
041 ## - LANGUAGE CODE
Language code of text/sound track or separate title eng
Language code of original English
082 ## - DEWEY DECIMAL CLASSIFICATION NUMBER
Classification number 891.2109
Item number K 178 M
100 ## - MAIN ENTRY--PERSONAL NAME
Personal name Mitra, Pramada-Dasa.
245 #0 - TITLE STATEMENT
Title The Mirror of Composition /
Statement of responsibility, etc. Pramada-Dasa Mitra.
Medium Textual Documents
250 ## - EDITION STATEMENT
Edition statement 1st ed. /
260 ## - PUBLICATION, DISTRIBUTION, ETC.
Place of publication, distribution, etc. Delhi :
Name of publisher, distributor, etc. Motilal Banarsidass Publishers ,
Date of publication, distribution, etc. 1956.
300 ## - PHYSICAL DESCRIPTION
Extent viii, 443p. :
Other physical details ill. ;
Dimensions 22cm .
500 ## - GENERAL NOTE
General note English Translation of The Sahitya-Darpana of Viswanatha Kaviraja.
653 ## - INDEX TERM--UNCONTROLLED
Uncontrolled term Sanskrit Poetry-Criticism
653 ## - INDEX TERM--UNCONTROLLED
Uncontrolled term MS-Sanskrit
653 ## - INDEX TERM--UNCONTROLLED
Uncontrolled term G-Sanskrit
653 ## - INDEX TERM--UNCONTROLLED
Uncontrolled term T/G-Sanskrite
942 ## - ADDED ENTRY ELEMENTS (KOHA)
Source of classification or shelving scheme Dewey Decimal Classification
Koha item type Books
Holdings
Withdrawn status Lost status Damaged status Not for loan Collection Home library Current library Date acquired Coded location qualifier Total checkouts Full call number Barcode Date last seen Copy number Price effective from Koha item type
          Dr. Suryya Kumar Bhuyan Library Dr. Suryya Kumar Bhuyan Library 01/02/2012 00000   891.2109 K 178 M 51391 13/01/2024 3 01/02/2012 Books
          Dr. Suryya Kumar Bhuyan Library Dr. Suryya Kumar Bhuyan Library 01/02/2012 00000   891.2109 K 178 M 34897 13/01/2024 5 01/02/2012 Books
          Dr. Suryya Kumar Bhuyan Library Dr. Suryya Kumar Bhuyan Library 01/02/2012 00000   891.2109 K 178 M 35371 13/01/2024 1 01/02/2012 Books
          Dr. Suryya Kumar Bhuyan Library Dr. Suryya Kumar Bhuyan Library 01/02/2012 00000   891.2109 K 178 M 40086 13/01/2024 4 01/02/2012 Books
          Dr. Suryya Kumar Bhuyan Library Dr. Suryya Kumar Bhuyan Library 01/02/2012 00000   891.2109 K 178 M 48559 13/01/2024 2 01/02/2012 Books

Designed and Maintained by Team SKBL
©1901-2026

Powered by Koha